| 000 | 00482nam a2200145Ia 4500 | ||
|---|---|---|---|
| 008 | 211109s9999||||xx |||||||||||||| ||und|| | ||
| 082 |
_a894.812 _bNAR-B |
||
| 100 | _aNarayana Panicker, R | ||
| 245 | 0 | _aBasha Sahithya Charithram Part I | |
| 260 |
_bNATIONAL BOOKSTALL _aKottayam _c1900 |
||
| 300 | _a398p. | ||
| 630 | _xGeneral Stack | ||
| 650 |
_aLiteratures of other languages _vAltaic, Uralic, Hyperborean & DravidianMalayalam LiteratureMalayalam Poetry _xGeneralia |
||
| 942 | _cBOOK | ||
| 999 |
_c5239 _d5239 |
||